Statistics for NBA Players from Georgetown

Click here to take the quiz!

General Stats

  • This quiz has been taken 11 times
    (5 since last reset)
  • The average score is 10 of 47

Answer Stats

PositionPlayerDraft Year% Correct
CPatrick Ewing1985
80%
FPat Ewing2008
80%
GAllen Iverson1996
80%
CAlonzo Mourning1992
60%
GFReggie Williams1987
60%
CDikembe Mutombo1991
60%
PFJerome Williams1996
60%
FBill Martin1985
40%
SFOtto Porter2013
40%
GDino MartinN/A
40%
SGJaren Jackson1989
40%
GCharles Edward Smith1989
40%
PFMike Sweetney2003
40%
GFAnthony Jones1986
40%
GMichael Jackson1986
40%
FJeff Green2007
40%
SFHollis Thompson2012
40%
FCOthella Harrington1996
20%
GFDavid Wingate1986
20%
PFMike Brown1985
20%
CRoy Hibbert2008
20%
FCGreg Monroe2010
20%
FVernon Macklin2011
0%
CHenry Sims2012
0%
PFDeJuan Summers2009
0%
CRuben Boumtje-Boumtje2001
0%
FCJahidi White1998
0%
FJerrelle Benimon2014
0%
PGChris Wright2011
0%
GBuddy O'GradyN/A
0%
PFDon Reid1995
0%
GTommy O'Keefe1950
0%
GFAl LujackN/A
0%
CJohn MahnkenN/A
0%
GBilly Hassett1947
0%
GDan Kraus1948
0%
GFAndy Kostecka1948
0%
GRay Corley1949
0%
FBill Bolger1953
0%
GFRobert Churchwell1994
0%
SFCraig Shelton1980
0%
PGJohn Duren1980
0%
PGSleepy Floyd1982
0%
CBen Gillery1988
0%
FJohn Turner1991
0%
FAnthony Tucker1992
0%
PFMarcus Derrickson2018
0%

Score Distribution

Percentile by Number Answered

Percent of People with Each Score

Your Score History

You have not taken this quiz since the last reset